Fuentes de información geográfica : el mundo contemporáneo /
Guardado en:
| Autor Principal: | |
|---|---|
| Otros Autores: | , |
| Formato: | Libro |
| Publicado: |
Buenos Aires :
Aique,
2000
|
| Series: | Colección Libros y +
|
| Materias: | |
| Etiquetas: |
Agregar Etiqueta
Sin Etiquetas, Sea el primero en etiquetar este registro!
|
| LEADER | 01034nam a22002775a 4500 | ||
|---|---|---|---|
| 001 | CEM.cems017959 | ||
| 005 | 20130321120658.0 | ||
| 008 | 130507s2000##################000#0#####d | ||
| 003 | CEMS | ||
| 020 | |a 9507016643 | ||
| 082 | 0 | 4 | |a 302 |
| 100 | 1 | |a Blanco, Jorge | |
| 245 | 1 | 0 | |a Fuentes de información geográfica : |b el mundo contemporáneo / |c Jorge Blanco, María Victoria Fernández Caso y Raquel Gurevich |
| 260 | |a Buenos Aires : |b Aique, |c 2000 | ||
| 300 | |a 31 p. | ||
| 490 | 0 | |a Colección Libros y + | |
| 500 | |a Acompaña el libro Ciencias Sociales 7 Egbpara 3er. Ciclo Egb | ||
| 505 | 0 | |a La cartografía -- Las proyecciones -- Los mapas políticos -- Las imágenes satelitales y las cartas-imágenes | |
| 653 | |a Cartografía | ||
| 653 | |a Ciencias sociales | ||
| 653 | |a Geografía | ||
| 653 | |a Ciencias sociales-3er. ciclo egb | ||
| 653 | |a Fuentes de información geográfica | ||
| 700 | 1 | |a Fernández Caso, María Victoria | |
| 700 | 1 | |a Gurevich, Raquel | |
| 859 | |a CEMS |b BIB. CEMS - Agricultura |h 302 |i B598-2 |p A1783.12 |t Ej.1 | ||
